000 00462nam a22001817a 4500
005 20251027151359.0
008 251027b |||||||| |||| 00| 0 eng d
037 _cTB
040 _aAL
_cAL
041 _2ENG
_aENG
084 _bAL
245 _aJainism
260 _aPatiala, India:
_bPunjab University,
_c1986.
300 _a114p.
365 _b25.00
_cINR
942 _2CC
_cTB
_n0
999 _c1465067
_d1465067